000 01196nas a2200325 4500
001 BR8102391
003 BR-BrBNA
005 20231205084655.0
007 ta
008 230509b bl.|||p| |||| 00| 00por d
040 _aBR-BrBNA
_bpor
_cBiblioteca Nacional de Agricultura
041 _a(Pt)
072 _aH20
100 1 _aBarros, B.C.
100 1 _aLasca, C.C.
100 1 _aCastro, J.L.
100 1 _aOliveira, D.A.
111 1 _a6. Reuniao da Comissao Norte Brasileira de Pesquisa de Trigo
_cCuritiba, PR (Brazil)
_d14 Jan 1980
245 1 _aEfeitos de fungicidas sobre o desenvolvimento de doencas, contaminacao de sementes e producao de trigo [Triticum aestivum; Capao Bonito; Sao Paulo; Brasil]
246 1 _aThe effects of fungicides on disease development, seed contamination, and grain yield of wheat [Triticum aestivum; Capao Bonito; Sao Paulo; Brazil]
650 _aDoenca de planta
650 _aTrigo
650 _aSemente
650 _aFungicida
650 _aCapao Bonito
650 _aSao Paulo
773 0 _tBiologico (Brazil)
_xISSN 0366-0567
_g(Mar 1981), v. 47(3) p. 67-75
_wBR8102391
909 _a202311
_bLúcia
_c55
_dLúcia Elande
942 _2AGRIS
_n0
_cANA
999 _c106604
_d106604